[Event "DVM U12 2024"]
[Site "Heidelberg GER"]
[Date "2024.12.27"]
[Round "1"]
[White "Vlach, Ludwig"]
[Black "Kovalskyy, Alicia"]
[Result "0-1"]
[Termination "normal"]
[Board "5.1"]
[WhiteElo "1709"]
[BlackElo "1757"]
[WhiteClock "01:20:14"]
[BlackClock "00:27:54"]
[WhiteTeam "SG Trier 1877"]
[BlackTeam "Düsseldorfer SV 1854"]
[PlyCount "126"]
[WhiteFideId "4007344"]
[BlackFideId "34612130"]
[EventCountry "GER"]
[EventRounds "7"]
[EventType "team-swiss"]
[EventDate "2024.12.26"]

1. e4 {[%clk 01:30:58]} {[%emt 00:00:02]} e5 {[%clk 01:30:53]} {[%emt
00:00:07]} 2. Nf3 {[%clk 01:31:24]} {[%emt 00:00:05]} Nc6 {[%clk 01:31:19]}
{[%emt 00:00:04]} 3. Bb5 {[%clk 01:31:50]} {[%emt 00:00:04]} a6 {[%clk
01:31:46]} {[%emt 00:00:03]} 4. Ba4 {[%clk 01:32:12]} {[%emt 00:00:07]} Nf6
{[%clk 01:32:12]} {[%emt 00:00:04]} 5. O-O {[%clk 01:32:33]} {[%emt 00:00:10]}
Be7 {[%clk 01:32:37]} {[%emt 00:00:04]} 6. Re1 {[%clk 01:32:57]} {[%emt
00:00:06]} b5 {[%clk 01:32:58]} {[%emt 00:00:09]} 7. Bb3 {[%clk 01:33:19]}
{[%emt 00:00:09]} d6 {[%clk 01:33:24]} {[%emt 00:00:04]} 8. h3 {[%clk
01:33:38]} {[%emt 00:00:11]} Na5 {[%clk 01:30:44]} {[%emt 00:03:10]} 9. d4
{[%clk 01:31:58]} {[%emt 00:02:11]} Nxb3 {[%clk 01:26:06]} {[%emt 00:05:07]}
10. axb3 {[%clk 01:31:24]} {[%emt 00:01:04]} Nd7 {[%clk 01:18:40]} {[%emt
00:07:55]} 11. c4 {[%clk 01:28:44]} {[%emt 00:03:11]} bxc4 {[%clk 01:12:30]}
{[%emt 00:06:40]} 12. bxc4 {[%clk 01:29:01]} {[%emt 00:00:13]} O-O {[%clk
01:05:54]} {[%emt 00:07:05]} 13. dxe5 {[%clk 01:19:57]} {[%emt 00:09:35]} Nxe5
{[%clk 01:04:40]} {[%emt 00:01:44]} 14. Nxe5 {[%clk 01:19:36]} {[%emt
00:00:51]} dxe5 {[%clk 01:05:05]} {[%emt 00:00:05]} 15. Nc3 {[%clk 01:19:20]}
{[%emt 00:00:45]} Be6 {[%clk 01:01:31]} {[%emt 00:04:03]} 16. Qxd8 {[%clk
01:18:26]} {[%emt 00:01:25]} Rfxd8 {[%clk 00:51:45]} {[%emt 00:10:16]} 17. Nd5
{[%clk 01:18:37]} {[%emt 00:00:19]} Rd7 {[%clk 00:43:56]} {[%emt 00:08:16]} 18.
Rd1 {[%clk 01:15:53]} {[%emt 00:03:17]} Bd8 {[%clk 00:41:32]} {[%emt 00:02:53]}
19. Be3 {[%clk 01:10:07]} {[%emt 00:06:16]} c6 {[%clk 00:32:40]} {[%emt
00:09:22]} 20. Nb6 {[%clk 01:10:14]} {[%emt 00:00:23]} Rxd1+ {[%clk 00:32:38]}
{[%emt 00:00:32]} 21. Rxd1 {[%clk 01:10:39]} {[%emt 00:00:05]} Bxb6 {[%clk
00:32:06]} {[%emt 00:01:02]} 22. Bxb6 {[%clk 01:11:00]} {[%emt 00:00:10]} Bxc4
{[%clk 00:32:01]} {[%emt 00:00:35]} 23. Bc7 {[%clk 01:11:20]} {[%emt 00:00:10]}
f6 {[%clk 00:31:51]} {[%emt 00:00:40]} 24. Rd6 {[%clk 01:08:18]} {[%emt
00:03:31]} Bb5 {[%clk 00:31:48]} {[%emt 00:00:33]} 25. b4 {[%clk 01:08:22]}
{[%emt 00:00:27]} Kf7 {[%clk 00:28:49]} {[%emt 00:03:27]} 26. Ba5 {[%clk
01:04:58]} {[%emt 00:03:54]} Ke7 {[%clk 00:27:29]} {[%emt 00:01:50]} 27. Rd2
{[%clk 01:04:37]} {[%emt 00:00:52]} Ra7 {[%clk 00:27:17]} {[%emt 00:00:42]} 28.
Bb6 {[%clk 01:02:02]} {[%emt 00:03:04]} Rd7 {[%clk 00:26:36]} {[%emt 00:01:11]}
29. Rxd7+ {[%clk 01:02:03]} {[%emt 00:00:30]} Kxd7 {[%clk 00:27:01]} {[%emt
00:00:04]} 30. Kh2 {[%clk 01:02:32]} {[%emt 00:03:01]} Bd3 {[%clk 00:26:58]}
{[%emt 00:02:31]} 31. f3 {[%clk 01:02:38]} {[%emt 00:00:24]} f5 {[%clk
00:27:16]} {[%emt 00:00:12]} 32. exf5 {[%clk 01:02:28]} {[%emt 00:00:41]} Bxf5
{[%clk 00:27:41]} {[%emt 00:00:04]} 33. g4 {[%clk 01:02:27]} {[%emt 00:00:30]}
Bd3 {[%clk 00:26:53]} {[%emt 00:01:18]} 34. Kg3 {[%clk 01:01:57]} {[%emt
00:01:00]} Ke6 {[%clk 00:25:34]} {[%emt 00:01:49]} 35. Kf2 {[%clk 01:01:40]}
{[%emt 00:00:47]} Kd5 {[%clk 00:25:38]} {[%emt 00:00:25]} 36. Ke3 {[%clk
01:01:59]} {[%emt 00:00:12]} Bf1 {[%clk 00:23:29]} {[%emt 00:02:38]} 37. h4
{[%clk 00:56:48]} {[%emt 00:05:42]} Kc4 {[%clk 00:11:50]} {[%emt 00:12:08]} 38.
Ba5 {[%clk 00:56:26]} {[%emt 00:00:52]} Kb5 {[%clk 00:09:05]} {[%emt 00:03:16]}
39. Bc7 {[%clk 00:55:27]} {[%emt 00:01:29]} Kxb4 {[%clk 00:09:20]} {[%emt
00:00:15]} 40. Bxe5 {[%clk 00:55:50]} {[%emt 00:00:06]} g6 {[%clk 00:09:43]}
{[%emt 00:00:07]} 41. f4 {[%clk 00:56:06]} {[%emt 00:00:13]} c5 {[%clk
00:01:47]} {[%emt 00:08:26]} 42. f5 {[%clk 00:56:12]} {[%emt 00:00:24]} gxf5
{[%clk 00:02:13]} {[%emt 00:00:03]} 43. gxf5 {[%clk 00:56:29]} {[%emt
00:00:14]} Bh3 {[%clk 00:01:00]} {[%emt 00:01:43]} 44. f6 {[%clk 00:55:35]}
{[%emt 00:01:24]} Be6 {[%clk 00:01:18]} {[%emt 00:00:12]} 45. Kf4 {[%clk
00:50:08]} {[%emt 00:05:58]} c4 {[%clk 00:01:14]} {[%emt 00:00:34]} 46. Kg5
{[%clk 00:50:32]} {[%emt 00:00:06]} c3 {[%clk 00:01:03]} {[%emt 00:00:41]} 47.
Kh6 {[%clk 00:50:41]} {[%emt 00:00:21]} c2 {[%clk 00:01:05]} {[%emt 00:00:27]}
48. Bf4 {[%clk 00:51:00]} {[%emt 00:00:11]} a5 {[%clk 00:00:40]} {[%emt
00:00:55]} 49. Kxh7 {[%clk 00:51:18]} {[%emt 00:00:12]} a4 {[%clk 00:01:00]}
{[%emt 00:00:10]} 50. Kg7 {[%clk 00:51:09]} {[%emt 00:00:40]} a3 {[%clk
00:01:17]} {[%emt 00:00:13]} 51. h5 {[%clk 00:50:41]} {[%emt 00:00:58]} a2
{[%clk 00:01:22]} {[%emt 00:00:25]} 52. h6 {[%clk 00:50:23]} {[%emt 00:00:47]}
a1=Q {[%emt 00:00:53]} 53. h7 {[%clk 00:49:49]} {[%emt 00:01:04]} Qa7+ {[%clk
00:30:00]} {[%emt 00:00:59]} 54. Kh6 {[%clk 01:19:34]} {[%emt 00:00:45]} Qa8
{[%clk 00:29:54]} {[%emt 00:01:04]} 55. Kg7 {[%clk 01:19:18]} {[%emt 00:00:48]}
Qb7+ {[%clk 00:30:00]} {[%emt 00:00:24]} 56. Kh6 {[%clk 01:18:55]} {[%emt
00:00:53]} Qc8 {[%clk 00:29:31]} {[%emt 00:00:57]} 57. Bd6+ {[%clk 01:19:04]}
{[%emt 00:00:23]} Kb5 {[%clk 00:29:11]} {[%emt 00:00:41]} 58. Ba3 {[%clk
01:19:15]} {[%emt 00:00:28]} c1=Q+ {[%clk 00:26:17]} {[%emt 00:03:24]} 59. Bxc1
{[%clk 01:19:18]} {[%emt 00:00:27]} Qxc1+ {[%clk 00:26:44]} {[%emt 00:00:03]}
60. Kg7 {[%clk 01:19:42]} {[%emt 00:00:06]} Qg5+ {[%clk 00:26:46]} {[%emt
00:00:27]} 61. Kf8 {[%clk 01:19:33]} {[%emt 00:00:40]} Qxf6+ {[%clk 00:27:02]}
{[%emt 00:00:14]} 62. Ke8 {[%clk 01:19:51]} {[%emt 00:00:13]} Qf7+ {[%clk
00:27:27]} {[%emt 00:00:04]} 63. Kd8 {[%clk 01:20:14]} {[%emt 00:00:08]} Qd7#
{[%clk 00:27:54]} {[%emt 00:00:03]} 0-1

[Event "DVM U12 2024"]
[Site "Heidelberg GER"]
[Date "2024.12.27"]
[Round "1"]
[White "Teng, David"]
[Black "Classen, Marnin"]
[Result "1/2-1/2"]
[Termination "normal"]
[Board "5.2"]
[WhiteElo "1732"]
[BlackElo "1630"]
[WhiteClock "00:33:28"]
[BlackClock "01:25:36"]
[WhiteTeam "Düsseldorfer SV 1854"]
[BlackTeam "SG Trier 1877"]
[PlyCount "68"]
[WhiteFideId "34604570"]
[BlackFideId "34623833"]
[EventCountry "GER"]
[EventRounds "7"]
[EventType "team-swiss"]
[EventDate "2024.12.26"]

1. e4 {[%clk 01:30:55]} {[%emt 00:00:04]} e6 {[%clk 01:30:56]} {[%emt
00:00:05]} 2. d4 {[%clk 01:31:06]} {[%emt 00:00:17]} d5 {[%clk 01:31:19]}
{[%emt 00:00:08]} 3. Nc3 {[%clk 01:31:06]} {[%emt 00:00:30]} Nf6 {[%clk
01:31:37]} {[%emt 00:00:12]} 4. e5 {[%clk 01:31:16]} {[%emt 00:00:19]} Nfd7
{[%clk 01:31:59]} {[%emt 00:00:08]} 5. f4 {[%clk 01:30:30]} {[%emt 00:01:16]}
c5 {[%clk 01:32:09]} {[%emt 00:00:20]} 6. Nf3 {[%clk 01:30:19]} {[%emt
00:00:41]} Nc6 {[%clk 01:32:29]} {[%emt 00:00:11]} 7. Be3 {[%clk 01:30:02]}
{[%emt 00:00:47]} cxd4 {[%clk 01:32:43]} {[%emt 00:00:15]} 8. Nxd4 {[%clk
01:29:51]} {[%emt 00:00:41]} Qb6 {[%clk 01:32:58]} {[%emt 00:00:15]} 9. Qd2
{[%clk 01:28:06]} {[%emt 00:02:15]} Qxb2 {[%clk 01:33:01]} {[%emt 00:00:26]}
10. Rb1 {[%clk 01:25:05]} {[%emt 00:03:31]} Qa3 {[%emt 00:13:11]} 11. Ndb5
{[%clk 01:12:07]} {[%emt 00:00:37]} Qa5 {[%clk 01:33:13]} {[%emt 00:00:28]} 12.
Nxd5 {[%clk 01:03:34]} {[%emt 00:09:03]} Qxd2+ {[%clk 01:32:49]} {[%emt
00:00:54]} 13. Kxd2 {[%emt 00:02:01]} exd5 {[%clk 01:31:58]} {[%emt 00:01:19]}
14. Nc7+ {[%clk 01:02:20]} {[%emt 00:00:15]} Kd8 {[%clk 01:32:19]} {[%emt
00:00:08]} 15. Nxa8 {[%clk 01:02:23]} {[%emt 00:00:27]} b6 {[%clk 01:32:16]}
{[%emt 00:00:34]} 16. Bb5 {[%clk 00:57:29]} {[%emt 00:05:24]} Bb7 {[%clk
01:31:43]} {[%emt 00:01:03]} 17. Bxc6 {[%clk 00:56:09]} {[%emt 00:01:50]} Bxc6
{[%clk 01:32:03]} {[%emt 00:00:10]} 18. Nxb6 {[%clk 00:55:05]} {[%emt
00:01:34]} axb6 {[%clk 01:32:05]} {[%emt 00:00:28]} 19. Bxb6+ {[%clk 00:53:16]}
{[%emt 00:02:19]} Nxb6 {[%clk 01:32:27]} {[%emt 00:00:08]} 20. Rxb6 {[%clk
00:53:37]} {[%emt 00:00:08]} Kc7 {[%clk 01:32:51]} {[%emt 00:00:06]} 21. Rhb1
{[%clk 00:52:13]} {[%emt 00:01:55]} Bc5 {[%clk 01:33:00]} {[%emt 00:00:21]} 22.
Ra6 {[%clk 00:52:05]} {[%emt 00:00:38]} Rd8 {[%clk 01:32:02]} {[%emt 00:01:27]}
23. Ra5 {[%clk 00:50:34]} {[%emt 00:02:02]} Bb6 {[%clk 01:32:15]} {[%emt
00:00:17]} 24. Ra6 {[%clk 00:47:11]} {[%emt 00:03:53]} Bc5 {[%clk 01:32:22]}
{[%emt 00:00:22]} 25. Rb3 {[%clk 00:45:44]} {[%emt 00:01:58]} Ra8 {[%clk
01:28:10]} {[%emt 00:04:43]} 26. Rxa8 {[%clk 00:44:44]} {[%emt 00:01:29]} Bxa8
{[%clk 01:28:32]} {[%emt 00:00:08]} 27. Kd3 {[%clk 00:42:47]} {[%emt 00:02:27]}
Bc6 {[%clk 01:28:37]} {[%emt 00:00:24]} 28. c4 {[%clk 00:39:09]} {[%emt
00:04:08]} d4 {[%clk 01:27:57]} {[%emt 00:01:10]} 29. g3 {[%emt 00:02:34]} Ba4
{[%clk 01:26:20]} 30. Rb1 {[%clk 00:36:49]} {[%emt 00:02:53]} Bd7 {[%clk
01:26:17]} {[%emt 00:00:33]} 31. Kd2 {[%clk 00:34:56]} {[%emt 00:02:22]} Bc6
{[%clk 01:25:57]} {[%emt 00:00:51]} 32. Kd3 {[%clk 00:34:08]} {[%emt 00:01:18]}
Bd7 {[%clk 01:26:06]} {[%emt 00:00:20]} 33. Kd2 {[%clk 00:33:47]} {[%emt
00:00:51]} Bc6 {[%clk 01:26:26]} {[%emt 00:00:11]} 34. Kd3 {[%clk 00:33:28]}
{[%emt 00:00:49]} Bd7 {[%clk 01:25:36]} {[%emt 00:00:51]} 1/2-1/2

[Event "DVM U12 2024"]
[Site "Heidelberg GER"]
[Date "2024.12.27"]
[Round "1"]
[White "Gilcher, Tamino"]
[Black "Akcapinar, Timur"]
[Result "1-0"]
[Termination "normal"]
[Board "5.3"]
[WhiteElo "1395"]
[BlackElo "1687"]
[WhiteClock "00:39:11"]
[BlackClock "01:09:12"]
[WhiteTeam "SG Trier 1877"]
[BlackTeam "Düsseldorfer SV 1854"]
[PlyCount "75"]
[WhiteFideId "34681787"]
[BlackFideId "16287509"]
[EventCountry "GER"]
[EventRounds "7"]
[EventType "team-swiss"]
[EventDate "2024.12.26"]

1. e4 {[%clk 01:30:57]} {[%emt 00:00:02]} c5 {[%clk 01:30:38]} {[%emt
00:00:23]} 2. Nc3 {[%clk 01:31:19]} {[%emt 00:00:08]} a6 {[%clk 01:31:01]}
{[%emt 00:00:07]} 3. f4 {[%clk 01:31:17]} {[%emt 00:00:31]} d6 {[%clk
01:30:36]} {[%emt 00:00:56]} 4. Nf3 {[%clk 01:30:05]} {[%emt 00:01:42]} g6
{[%clk 01:31:01]} {[%emt 00:00:06]} 5. Bc4 {[%clk 01:29:39]} {[%emt 00:00:55]}
Bg7 {[%clk 01:30:53]} {[%emt 00:00:38]} 6. O-O {[%clk 01:27:30]} {[%emt
00:02:38]} Nc6 {[%clk 01:30:25]} {[%emt 00:00:59]} 7. Ne2 {[%clk 01:15:26]}
{[%emt 00:12:34]} Nh6 {[%clk 01:26:22]} {[%emt 00:04:32]} 8. c3 {[%clk
01:14:30]} {[%emt 00:01:26]} Na5 {[%clk 01:25:59]} {[%emt 00:00:53]} 9. Bd3
{[%clk 01:10:57]} {[%emt 00:04:04]} O-O {[%clk 01:24:18]} {[%emt 00:02:11]} 10.
Bc2 {[%clk 01:10:14]} {[%emt 00:01:13]} Bg4 {[%clk 01:19:51]} {[%emt 00:04:56]}
11. d4 {[%clk 01:09:14]} {[%emt 00:01:30]} Bxf3 {[%clk 01:19:46]} {[%emt
00:00:35]} 12. Rxf3 {[%clk 01:09:36]} {[%emt 00:00:08]} e5 {[%clk 01:20:11]}
{[%emt 00:00:05]} 13. dxe5 {[%clk 01:09:21]} {[%emt 00:00:44]} dxe5 {[%clk
01:20:32]} {[%emt 00:00:10]} 14. Qxd8 {[%clk 01:09:27]} Raxd8 {[%clk 01:20:56]}
{[%emt 00:00:29]} 15. fxe5 {[%clk 01:09:46]} {[%emt 00:00:11]} Nc4 {[%clk
01:21:21]} {[%emt 00:00:06]} 16. e6 {[%clk 00:54:30]} {[%emt 00:15:46]} Ne5
{[%clk 01:19:40]} {[%emt 00:02:11]} 17. e7 {[%clk 00:50:58]} {[%emt 00:04:02]}
Nxf3+ {[%clk 01:19:00]} {[%emt 00:01:10]} 18. gxf3 {[%clk 00:51:22]} {[%emt
00:00:06]} Rfe8 {[%emt 00:00:36]} 19. exd8=N {[%emt 00:00:09]} Rxd8 {[%clk
01:18:36]} {[%emt 00:00:09]} 20. Bg5 {[%clk 00:50:38]} {[%emt 00:01:14]} f6
{[%clk 01:18:04]} {[%emt 00:01:03]} 21. Bxh6 {[%clk 00:49:37]} {[%emt
00:01:31]} Bxh6 {[%clk 01:18:27]} {[%emt 00:00:07]} 22. Bb3+ {[%clk 00:49:48]}
{[%emt 00:00:19]} Kh8 {[%clk 01:14:44]} {[%emt 00:04:13]} 23. Bd5 {[%clk
00:48:59]} {[%emt 00:01:17]} Rd6 {[%clk 01:13:20]} {[%emt 00:01:55]} 24. Bxb7
{[%clk 00:46:27]} {[%emt 00:03:03]} Rb6 {[%clk 01:13:45]} {[%emt 00:00:05]} 25.
Bc8 {[%clk 00:45:41]} {[%emt 00:01:15]} Rb8 {[%clk 01:13:43]} {[%emt 00:00:33]}
26. Bxa6 {[%clk 00:45:55]} {[%emt 00:00:16]} Rxb2 {[%clk 01:14:08]} {[%emt
00:00:05]} 27. a4 {[%clk 00:45:52]} {[%emt 00:00:34]} Bd2 {[%clk 01:11:30]}
{[%emt 00:03:07]} 28. a5 {[%clk 00:45:13]} {[%emt 00:01:09]} Rb3 {[%clk
01:11:45]} {[%emt 00:00:15]} 29. Bc4 {[%clk 00:44:13]} {[%emt 00:01:30]} Rb7
{[%clk 01:12:07]} {[%emt 00:00:08]} 30. Rd1 {[%clk 00:43:05]} {[%emt 00:01:38]}
Be3+ {[%clk 01:10:26]} {[%emt 00:02:12]} 31. Kf1 {[%clk 00:43:26]} {[%emt
00:00:08]} Ra7 {[%clk 01:10:33]} {[%emt 00:00:23]} 32. Rd3 {[%clk 00:41:56]}
{[%emt 00:02:00]} Bg5 {[%clk 01:10:43]} {[%emt 00:00:20]} 33. a6 {[%clk
00:41:49]} {[%emt 00:00:37]} Kg7 {[%clk 01:09:41]} {[%emt 00:01:31]} 34. Bb5
{[%clk 00:41:08]} {[%emt 00:01:11]} Kf8 {[%clk 01:09:20]} {[%emt 00:00:51]} 35.
Rd7 {[%clk 00:41:18]} {[%emt 00:00:20]} Ra8 {[%clk 01:09:43]} {[%emt 00:00:07]}
36. a7 {[%clk 00:41:31]} {[%emt 00:00:17]} Rc8 {[%clk 01:08:56]} {[%emt
00:01:17]} 37. Rc7 {[%clk 00:38:49]} {[%emt 00:03:11]} Ra8 {[%clk 01:09:12]}
{[%emt 00:00:15]} 38. Bc6 {[%clk 00:39:11]} {[%emt 00:00:08]} 1-0